Liberalismo iliberal: la guerra por el liberalismo /
Guardado en:
| Hovedforfatter: | |
|---|---|
| Format: | Texto |
| Fag: | |
| Tags: |
Tilføj Tag
Ingen Tags, Vær først til at tagge denne postø!
|
MARC
| LEADER | 00000 a a2200000 04500 | ||
|---|---|---|---|
| 001 | 11793 | ||
| 003 | |||
| 040 | |||
| 100 | |a Mendieta, Eduardo | ||
| 245 | |a Liberalismo iliberal: |b la guerra por el liberalismo / |c Eduardo Mendieta | ||
| 650 | |a TERRORISMO | ||
| 650 | |a GUERRA | ||
| 650 | |a IDEOLOGIAS | ||
| 650 | |a INTELECTUALES | ||
| 650 | |a ESTADOUNIDENSES | ||
| 773 | |g número 110; páginas 20-25 | ||
| 999 | |c 36771 |d 36771 | ||
| 773 | 0 | |0 41641 |9 2448 |a Departamento Ecuménico de Investigaciones (DEI) |d San José, Costa Rica Departamento Ecuménico de Investigaciones (DEI) |o 20195 |t Pasos / | |
